000
00197nam a22000857a 4500
001
1239471
005
20251007151429.0
245
_a
HİLAL UĞRUNA
_c
AHMET YILMAZ BOYUNAĞA
260
_b
GENÇ TİMAŞ YAY
999
_c
1239471
_d
1239471